000
00243nam a2200097Ia 4500
008
240331s9999 xx 000 0 und d
082
_b
DIR
100
_a
Dirie.W
245
0
_a
Desert Flower :
_b
The Extraordinary Life of a Desert Nomad
942
_c
L
999
_c
5798
_d
5798